[Event "41. Olympiad Tromso 2014 Open"]
[Site "TromsÃÂ¸"]
[Date "2014.08.14"]
[Round "11"]
[White "Mamedyarov, Shakhriyar"]
[Black "Nakamura, Hikaru"]
[Result "1-0"]
[WhiteElo "2743"]
[BlackElo "2787"]
[EventDate "2014.??.??"]
[Annotator "Marin, Mihail"]
[PlyCount "81"]
[EventCountry "NOR"]
[WhiteTeam "Azerbaijan"]
[BlackTeam "United States"]
[WhiteTeamCountry "AZE"]
[BlackTeamCountry "USA"]

1. d4 d5 2. c4 c6 3. Nc3 dxc4 {The reader can breath with relief: no, 
there will not be another Exchange Slav!} 4. e3 b5 5. a4 b4 6. Ne4 Qd5 7. 
Nd2 c3 8. Ndf3!? {A rare move.} ( {The usual continuation is} 8. bxc3 ) 
8. ... Qa5 ( {Now and in the whole next phase of the game, Black refrains 
from} 8. ... cxb2 {, which would make the extra pawn look more real, but 
at the same time allow White's rapid development with} 9. Bxb2 {Over the 
board and against such an aggressive player like Mamedjarov, it is not 
easy to embark such a continuation. With hindsight, it is easy to 
recommend precisely this continuation. But if Nakamura had played like 
that and lost anyway, commentators may well have criticised him for 
treating the issue of development so superficially. Only further practice 
and analysis will show the best way to react.} ) 9. Ne5 ( 9. bxc3 bxc3 10.
 Ne5 e6 ( 10. ... c2+ 11. Qd2 += ) ( 10. ... Nf6 ) 11. Qc2 ) 9. ... Nf6 
10. Ngf3 e6 11. Bd3 Ba6 12. bxc3! {A good moment to release the tension. 
After castling, White will not have to worry about ...c3-c2+ anymore.} 
12. ... bxc3 13. O-O {[#]Black's extra pawn is rather vulnerable and, 
what's worse, he is well behind in development.} 13. ... Nbd7 {Black gives
away the c6-pawn, hoping that after the opening of the c-file the c3-pawn 
will become strong.} ( {He must have refrained from} 13. ... Be7 {on 
account of} 14. Ba3 {, when the natural} 14. ... Bxa3 {would actually lose
a tempo. Once again, choosing between two evils is by no means easy.} ) 
14. Nxc6 {Mamedjarov spent 12 minutes on this natural move. Eventually, he
must have realised that, far from having to give up anything in exchange 
for the c6-pawn, he will manage to activate his position radically over 
the next moves.} 14. ... Qb6 15. Nfe5 Bb7 16. a5 Qc7 17. Qa4 Bd6 18. a6 
Bxc6 19. Qxc6 {[#]} 19. ... O-O?! {After 20 minutes Nakamura enters an 
ending with very improbable saving chances.} ( {But there was no obvious 
ay out of the trouble anyway, for instance} 19. ... Rc8!? 20. Qxc7 Bxc7 ( 
20. ... Rxc7 {would help White develop his initiative with} 21. Nc4 Be7 
22. Na3 {with the threat of Nb5, attacking the c3- and a7-pawns.} ) 21. f4
{with such threats as Bb5 and Ba3.} ) 20. Qxc7 Bxc7 21. Nxd7 Nxd7 22. Ba3 
Rfd8 ( 22. ... Rfc8 {would fail to secure the c3-pawn after} 23. Be4 Rab8 
24. Bb7 {followed by Rfc1.} ) 23. Rfc1 e5 24. Be4 Rab8 25. Rxc3 Ba5 26. 
Rcc1 {[#] Combined with the bishop's pair and the queenside space 
advantage, White's extra pawn ensures a decisive advantage, but there 
might be technical problems on the way.} 26. ... Bb4 {According to the 
engines this makes things even worse, but I will not commit myself until 
analysing the ensuing ending properly for CBM 162. It should be won, but 
it would be good knowing how.} 27. Bxb4 Rxb4 28. Rc7 {The start of a 
forced manoeuvre, winning a piece.} 28. ... exd4 29. Rxa7 dxe3 30. Rxd7 
Rxd7 31. a7 exf2+ 32. Kxf2 Rxa7 33. Rxa7 g6 {[#]Despite the extra bishop, 
White still needs a convincing winning plan, especially that the colour of
the h8-corner offers Black the saving prospect of exchanging all his pawns
for the g2-pawn and, of course, the rooks. But with all the pawns on 
board, the rook exchange would generally yield White an easy win.} 34. Ke3
Rb6 35. Bd5 Rf6 36. g4 {[#] By using the Chessbase function "similar 
endings", I got a whole bunch of grandmaster games (including 
Kasparov-Shirov, Linares 2000) ending with the same result: a win. But in 
almost all the games Black made the same mistake as in this one: weakening
the g6-pawn by advancing his h-pawn.} 36. ... h6 {This offers White the 
posibility of winning the pawn ending after a well timed sacrifice and 
general exchange on f7.} ( {White's task would have at least been more 
difficult after} 36. ... Kg7 37. h4 Kg8 38. g5 Rf5 39. Ke4 Kg7 {For 
instance, the attempt to exchange rooks with} 40. Ra3? {would lead to a 
rook and bishop versus rook ending after} 40. ... h6! ) 37. Ke4?! ( 37. h4
{would have been a more precise move order, preparing to meet} 37. ... g5 
{with} 38. h5 {for instance:} 38. ... Kg7 39. Ke4 Rf1 40. Rxf7+ Rxf7 41. 
Bxf7 Kxf7 42. Kf5 ) 37. ... Kg7 ( {Missing the offered chance:} 37. ... g5
!? 38. h3 Kg7 39. Ra3 Kg6 {Once again, the rook transfer on the f-file is 
connected with concrete problems:} 40. Rf3? Rxf3 41. Kxf3 f5 =, quiet ) 
38. h4! {It is safe to say that it is all over now.} 38. ... Rf1 39. Rb7 
Rf2 40. g5 hxg5 41. hxg5 ( 41. hxg5 {And in view of the simple line} 
41. ... Rf5 42. Rxf7+ Rxf7 43. Bxf7 Kxf7 44. Kd5 Ke7 45. Ke5 {Black 
resigned.} ) 1-0

[Event "41. Olympiad Tromso 2014 Open"]
[Site "TromsÃÂ¸"]
[Date "2014.08.14"]
[Round "11"]
[White "Aronian, Levon"]
[Black "Navara, David"]
[Result "1-0"]
[WhiteElo "2805"]
[BlackElo "2716"]
[EventDate "2014.??.??"]
[Annotator "Marin, Mihail"]
[PlyCount "53"]
[EventCountry "NOR"]
[WhiteTeam "Armenia"]
[BlackTeam "Czech Republic"]
[WhiteTeamCountry "ARM"]
[BlackTeamCountry "CZE"]

1. d4 d5 2. c4 c6 3. cxd5 cxd5 {Had it been played one round earlier, this
game would have fitted into the "Boring symmetry?" article rather well.} 
4. Nc3 Nf6 5. Bf4 Nc6 6. e3 Bf5 {[#]} 7. Qb3 ( {The reader may remember 
that the tenth round game Eljanov-Rauf Mamedov continued with} 7. Rc1 {I 
cannot know whether Aronian took some inspiration from White's ease at 
winning that game, but the sure thing is that both players had some 
experience with this line.} ) 7. ... Na5 {By far the most popular way of 
dealing with the early pressure against b7.} 8. Qa4+ Bd7 9. Qc2 {This is 
just the start of a curious mechanism of moving the pieces forth and back 
all over the board. Optically, this is somewhat confusing, but judged 
individually all the moves make sense.} 9. ... e6 {White has managed to 
force his opponent retreating with his bishop behind the pawn wall, but 
this caused some delay with the kingside development.} 10. Nf3 ( {Playing 
with black, Aronian had faced} 10. Bd3 {in Kramnik-Aronian, Shanghai 2010.
} ) 10. ... Be7 11. Bd3 Nc6 {The knight returns to its usual location, 
controlling e5 and winning a tempo by threatening ...Nb4 on the way.} 12. 
a3 Nh5 {A new minor piece dialogue starts on the opposite wing. The 
f4-bishop is too strong to be tolerated.} 13. Be5 f6 {The only reasonable 
answer, although is weakens the light squares.} ( {If} 13. ... Nxe5 14. 
Nxe5 ( {Actualy, the standard reaction is} 14. dxe5 {, leaving the 
h5-knight out of play, but for concrete reasons the main move is even 
stronger.} ) 14. ... Nf6 15. Nxd7! {White gives up his active knight for 
the passive bishop light-heartedly, since Black has no satisfactory way of
re-capturing.} 15. ... Nxd7 {Other moves wouldexpose either the queen or 
the king to Bb5.} 16. Bxh7 g6 ( {Or if} 16. ... Qc7 {as played in 
Ju-Sebag, Beijing 2013, the simplest would be} 17. g3 {defending the 
h2-pawn before retreating with the bishop.} ) 17. Bxg6 fxg6 18. Qxg6+ Kf8 
19. Qxe6 {With a whole bunch of pawns for the piece.} ) 14. Bf4!? {A new 
move, deviating from a recent game played by Navara.} ( {After} 14. Bg3 f5
15. Be5 O-O 16. h3 Nf6 17. g4 Ne4 {Black seemed to have enough counterplay
in Ivan Sokolov-Navara, Saint Quentin 2014, even though later White took 
over the initiative. With his move, Aronian kindly invites his opponent to
take on f4, thus opening the e-file nd turning e6 into a real weakness.} )
14. ... Rc8 {Navara took his time (13 minutes) before answering.} ( {His 
first impulse might have been the same as mine when playing over the game:
what would happen if Black plays the same way as in the aforementioned 
game:} 14. ... f5 {The difference is that White could fight for the 
e5-square with} 15. Bb5 {. With the bishop on g3, Black could have reduced
White's influence on dark squares with ...Nxg3, while an exchange on f4 
would only increase it.} ) 15. h3 {The threat of retreating with the 
bishop practically forces Black's next move.} 15. ... Nxf4 16. exf4 Qb6 
17. Rd1 {The weakness of the e6-pawn is latent yet, but Black needs to 
find the best way of defending h7.} 17. ... f5 {This looks the most solid,
but it weakens the e5-square chronically.} ( {The main alternative was} 
17. ... g6 {David might have disliked} 18. h4 {when, quite probably, Black
could not have been able to refrain from .. .f6-f5 in the long run anyway.
} ) 18. Bb5 {Immediately starting the fight for the weakened square.} 
18. ... Bd6 19. g3 {[#]} 19. ... Na5?! {A risky decision. Black gives up 
the right to castle for the sake of exchanging his bad bishop and keeping 
the knight as an important defender of the e5-square.} ( {Any neutral move
such as} 19. ... O-O {would have been safer, although White would have a 
pleasant position.} ) 20. Bxd7+ Kxd7 21. O-O Rhe8 22. Rd3!? {An 
interesting multi-purpose move. White prepares doubling (or even 
trippling) his major pieces, without revealing whether this would happen 
on the e-file or on the c-file.} 22. ... Nc4 {Preventing Re3, just in case
this was White's true intention. But now Aronian switches to plan B.} 23. 
Na4 Qc6 24. Rc3 {[#]} 24. ... b5? {The losing move, played after only 
three minutes. Navara obviously wanted to consolidate his active knight, 
but the weakness of the c5-square ill be a perfect (for White!) complement
to that of the e5-square.} ( {True, the attempt to get castld artificialy 
with} 24. ... Ke7 25. Re1 Kf8 {would fail to} 26. Ng5 {, attacking two 
pawns.} ) ( {But it would have made sense to restrict the a4-knight with} 
24. ... b6 {since} 25. b3?! {would run into} 25. ... Nxa3 {White could 
have prepared b2-b3 with 25.Ra1, but then 25...Qb7 might have made Black's
position survivable.} ) 25. Nc5+! {The bishop cannot keep both enemy 
knights under control.} 25. ... Bxc5 26. Rxc4! {Just two moves earlier, 
the e5-square was rather well defended, but not any more.} 26. ... bxc4 
27. Ne5+ 1-0